000
00219nam a22000857a 4500
008
160711b xxu||||| |||| 00| 0 eng d
100
_9
2531
_a
Miura, A
245
_a
Shiokari Pass
260
_a
N.J
_b
Fleming H.Revell.Com.
_c
1974
999
_c
2198
_d
2198